Tilastot visalle "Stan"-valtiot

Klikkaa tästä pelataksesi tätä visaa!

Yleistilastot

  • Tätä visaa on pelattu 1 603 kertaa
  • Keskiarvotulos 5 / 6

Vastaustilastot

Valtio% Oikein
Uzbekistan
89%
Turkmenistan
87%
Afganistan
83%
Pakistan
83%
Kazakstan
80%
Tadžikistan
73%

Tulosjakauma

Persentiili vastausten määrän mukaan

Jokaisen tuloksen saaneiden osuus

Tuloshistoriasi

Et ole pelannut tätä visaa